• 首页
  • 本馆介绍
  • 公告通知
  • 最新文献
  • 馆藏检索
  • 电子资源
  • 读者导购
  • 参考咨询
  • 我的图书馆
  • 登录
  • 详细信息显示
  • 放入我的书架
  • 预约/预借图书
  • 作者相关作品
  • 分类相关作品
  • 丛书相关作品
  • 出版社相关作品

书目信息

  • 表格格式
  • 工作单格式
  • 卡片格式
题名:
条码国家标准应用指南
    
 
作者: 胡嘉璋 主编
分册:  
出版信息: 北京   中国标准出版社  1991.11
页数: 160页
开本: 19cm
丛书名:
单 册:
中图分类: TP391.4-65 , T-652.1
科图分类:
主题词: 条形码--国家标准--基本知识--中国 , 工业技术--规程 , 工业技术--标准
电子资源:
ISBN: 7-5066-0452-3
000 00945nam0 2200289 45
001 0192010919
005 20040520170904.5
010    @a7-5066-0452-3@dCNY3.50
020    @aCN@b92010919
100    @a19920902d1991 em y0chiy0121 ea
101 0  @achi
102    @aCN@b110000
105    @ay l 000yy
106    @ar
200 10 @a条码国家标准应用指南@Atiao ma guo jia biao zhun ying yong zhi nan@f胡嘉璋主编@Fhu jia zhang zhu bian
210    @a北京@c中国标准出版社@d1991.11
215    @a160页@d19cm
330    @a本书对条码标准化工作及GB12905-91《条码系统通用术语》等的编制、技术内容、标准的使用等进行了叙述。
540 1  @a条码 国家 标准@Atiao ma guo jia biao zhun
606    @a条形码@x国家标准@x基本知识@y中国
606 0  @a工业技术@x规程
606 0  @a工业技术@x标准
690    @aTP391.4-65@v3
690    @aT-652.1
701  0 @a胡嘉璋@Ahu jia zhang@4主编
801  0 @aCN@bNLC@c19920902
905    @f2@b270162-163@dT-652.1@e74
    
    条码国家标准应用指南/胡嘉璋主编.-北京:中国标准出版社,1991.11
    160页;19cm
    
    
    ISBN 7-5066-0452-3:CNY3.50
    本书对条码标准化工作及GB12905-91《条码系统通用术语》等的编制、技术内容、标准的使用等进行了叙述。
●
相关链接 在E读中查询图书 在五车中查询图书 在当当中查询图书 在豆瓣中查询图书


正题名:条码国家标准应用指南     索取号:T-652.1/74         预约/预借

序号 登录号 条形码 馆藏地/架位号 状态 备注
1 0270161   000700860   第二样本阅览室/ [索取号:T-652.1/74] 在馆    
2 0270162   000700851   第三借阅区/ [索取号:T-652.1/74] 在馆    
3 0270163   000700815   第三借阅区/ [索取号:T-652.1/74] 在馆    
唐山师范学院图书馆 欢迎您!
大连网信软件有限公司© 版权所有